Essays on Shakespeare / (Record no. 23279)

000 -LEADER
fixed length control field 01147pam a2200301 a 4500
001 - CONTROL NUMBER
control field 2861248
003 - CONTROL NUMBER IDENTIFIER
control field OSt
005 - DATE AND TIME OF LATEST TRANSACTION
control field 20170126090120.0
008 - FIXED-LENGTH DATA ELEMENTS--GENERAL INFORMATION
fixed length control field 851127s1986 enk b 000 0 eng
010 ## - LIBRARY OF CONGRESS CONTROL NUMBER
LC control number 85029977
020 ## - INTERNATIONAL STANDARD BOOK NUMBER
International Standard Book Number 0521255775
020 ## - INTERNATIONAL STANDARD BOOK NUMBER
International Standard Book Number 0521311500 (pbk.)
040 ## - CATALOGING SOURCE
Original cataloging agency DLC
Transcribing agency DLC
Modifying agency DLC
043 ## - GEOGRAPHIC AREA CODE
Geographic area code e-uk-en
050 00 - LIBRARY OF CONGRESS CALL NUMBER
Classification number PR2976
Item number .E554 1986
082 00 - DEWEY DECIMAL CLASSIFICATION NUMBER
Classification number 822.3/3
Edition number 19
100 1# - MAIN ENTRY--PERSONAL NAME
Personal name Empson, William,
Dates associated with a name 1906-1984.
245 10 - TITLE STATEMENT
Title Essays on Shakespeare /
Statement of responsibility, etc. William Empson ; edited by David B. Pirie.
260 ## - PUBLICATION, DISTRIBUTION, ETC. (IMPRINT)
Place of publication, distribution, etc. Cambridge [Cambridgeshire] ;
-- New York :
Name of publisher, distributor, etc. Cambridge University Press,
Date of publication, distribution, etc. 1986.
300 ## - PHYSICAL DESCRIPTION
Extent ix, 246 p. ;
Dimensions 23 cm.
504 ## - BIBLIOGRAPHY, ETC. NOTE
Bibliography, etc Bibliography: p. 244-246.
600 10 - SUBJECT ADDED ENTRY--PERSONAL NAME
Personal name Shakespeare, William,
Dates associated with a name 1564-1616
General subdivision Criticism and interpretation.
650 #0 - SUBJECT ADDED ENTRY--TOPICAL TERM
Topical term or geographic name as entry element Theaters
Geographic subdivision England
-- London
General subdivision History
Chronological subdivision 16th century.
700 1# - ADDED ENTRY--PERSONAL NAME
Personal name Pirie, David.
856 41 - ELECTRONIC LOCATION AND ACCESS
Materials specified Table of contents
Uniform Resource Identifier <a href="http://www.loc.gov/catdir/toc/cam023/85029977.html">http://www.loc.gov/catdir/toc/cam023/85029977.html</a>
856 42 - ELECTRONIC LOCATION AND ACCESS
Materials specified Publisher description
Uniform Resource Identifier <a href="http://www.loc.gov/catdir/description/cam023/85029977.html">http://www.loc.gov/catdir/description/cam023/85029977.html</a>
906 ## - LOCAL DATA ELEMENT F, LDF (RLIN)
a 7
b cbc
c orignew
d 1
e ocip
f 19
g y-gencatlg
942 ## - ADDED ENTRY ELEMENTS (KOHA)
Source of classification or shelving scheme
Koha item type Hard Covered Materials
Classification part PR 2976 .E554 1986
Holdings
Withdrawn status Lost status Source of classification or shelving scheme Damaged status Not for loan Home library Current library Shelving location Date acquired Source of acquisition Total Checkouts Full call number Barcode Date last seen Price effective from Koha item type
          MACHAKOS UNIVERSITY LIBRARY MACHAKOS UNIVERSITY LIBRARY Technical section 26/01/2017 Donation (BFA)   PR 2976 .E554 1986 31705 24/07/2018 26/01/2017 Hard Covered Materials
© Machakos University Library, Along The Highway, Machakos Wote Rd, Machakos, Kenya P.O. Box 136 - 90100 Machakos - Kenya

Tel: ( +254 ) 723 805829 OR Fax : 044-20353 OR Email: library@mksu.ac.ke